Handbook of communication and social interaction skills

Saved in:
Bibliographic Details
Other Authors: Greene, John O., 1954- (Editor), Burleson, Brant Raney, 1952- (Editor)
Format: Book
Language:English
Published: Mahwah, NJ : Lawrence Erlbaum Associates, 2003.
Series:LEA's communication series
Subjects:
Tags: Add Tag
No Tags, Be the first to tag this record!

MARC

LEADER 00000cam a2200000 i 4500
001 1/74510
008 080215s2003 nju| ||| |||| ||eng||
020 |a 0805834184   |q (χαρτόδετο) 
035 |l 10094667 
040 |a GR-MyUa  |b gre  |e AACR2 
041 0 |a eng 
082 7 |a 302   |2 (22) 
245 0 0 |a Handbook of communication and social interaction skills /   |c edited by John O. Greene and Brant R. Burleson.  
260 |a Mahwah, NJ :   |b Lawrence Erlbaum Associates,   |c 2003.  
300 |a xvi, 1032 σ. ;   |c 26 εκ. 
490 1 |a (LEA's communication series) 
504 |a Περιλαμβάνει βιβλίογραφίες και ευρετήρια.  
650 0 |a Social interaction. 
650 0 |a Interpersonal communication. 
650 0 |a Interpersonal relations. 
700 1 |a Greene, John O.,   |d 1954-  |e edt 
700 1 |a Burleson, Brant Raney,   |d 1952-  |e edt 
830 0 |a LEA's communication series 
852 |a INST  |b SYROS  |e 20080215  |h 302 HAN  |p 005500006565  |q 005500006565  |t BK  |y 0 
901 |a BIBL5-2008-1 
922 |a 5ΕΛΗ  |b 200711  |c ΕΠΕΑΕΚ2/ΤΜΣΠΣ  |d Ελευθερουδάκης 
970 |a Κοντού  |b Παρασκευή  |z 15/02/2008